| 000 | 00524nam a22001337a 4500 | ||
|---|---|---|---|
| 008 | 110812t xxu||||| |||| 00| 0 eng d | ||
| 100 | _aCoates,C.A | ||
| 245 | _aAn outline of the book of genesis | ||
| 260 |
_aLondon _bStow hill bible and tract depot _c1921 |
||
| 300 |
_a261 p. _c19 cm |
||
| 650 | _aBible. O.T. Genesis--Commentaries | ||
| 942 |
_2lcc _cBK |
||
| 999 |
_c39015 _d39015 |
||